[Event "Stay Safe Play From Home 361"]
[Site "Emanuel Lasker Arena"]
[Date "2020.08.06"]
[Round "2"]
[White "Little champs"]
[Black "Tran Minh Thang"]
[Result "0-1"]
[WhiteElo "2149"]
[BlackElo "2470"]
[Annotator "TA"]
[PlyCount "168"]
[EventDate "2020.08.06"]
[EventType "swiss (blitz)"]

{[%evp 9,167,12,13,13,26,0,107,100,110,4,15,13,41,7,8,-14,-5,-13,0,-12,-27,-17,-12,-22,-15,-27,-34,-29,-25,-39,-34,-36,-41,-49,0,-207,-206,-190,-190,-189,0,0,575,464,977,425,419,422,421,414,398,381,367,141,164,104,102,0,0,0,0,0,0,0,0,0,0,0,268,0,0,0,0,0,0,0,588,587,668,580,526,314,517,234,192,46,262,155,137,44,1137,1135,1094,752,29962,29961,29963,29963,29965,29963,29989,29990,29990,29991,29993,29991,29991,29984,29999,29985,29986,29987,29988,29988,29989,29984,29984,29984,29983,-14,-14,-14,-14,-14,8,-14,-14,-14,-14,-18,-18,-29987,-29988,-29990,-29991,-29991,-29992,-29994,-29992,-29992,-29989,-29993,-29990,-29994,-29994,-29994,-29992,-29992,-29993,-29993,-29994,-29994,-29995,-29995,-29996,-29996,-29997,-29997,-29998,-29999]} 1. d4 Nf6 2. Nf3 e6 3. e3 c5 4. Be2 cxd4 5. exd4 b6 6. O-O {A46: 1 d4 Nf6 2 Nf3 e6: Torre, London and Colle Systems.} Bb7 7. c4 Qc7 (7... Be7 $11 {remains equal.}) 8. Nc3 $16 {White is better.} a6 {[#]} 9. a3 $146 (9. d5 $16) ({Predecessor:} 9. Be3 h5 10. Qc2 Ng4 11. g3 h4 12. Nxh4 Rxh4 13. Bxg4 Rxg4 14. Qe2 Rg6 15. Rad1 {0-1 (31) Pacheco Marte,F-Pena Marcano,J (1804) Santo Domingo 2017}) 9... d5 $1 $11 10. cxd5 Nxd5 11. Nxd5 Bxd5 12. Bg5 Bd6 13. Rc1 Qb7 $1 14. Bh4 (14. Qd2 {looks sharper.} O-O 15. Bf4 Bxf4 16. Qxf4 Nc6 17. Rc3) 14... O-O 15. Bg3 Bxg3 16. fxg3 Nd7 17. Qd2 Rac8 18. Qf4 b5 19. Bd3 Nf6 20. g4 h6 21. h4 Be4 22. g5 $2 (22. Bxe4 $11 Qxe4 23. Qxe4 Nxe4 24. Rfe1) 22... Bxd3 $19 23. gxf6 Bxf1 24. Rxf1 Qd5 $2 (24... Kh7 $19 {Hoping for ...gxf6.} 25. Ne5 Rg8) 25. Ne5 $40 {[%mdl 128] White has some attack.} Rc2 $2 {[%mdl 8192]} (25... Kh7 $1 $11) 26. Rf3 $18 Rd8 {[#]} (26... g5 $142 27. hxg5 Re2) 27. Rg3 $1 {[%mdl 512]} Qxd4+ 28. Qxd4 Rxd4 29. Rxg7+ {[%mdl 4160] Endgame Double Attack. KRR-KRN} Kf8 30. Rxf7+ Ke8 31. Re7+ $2 (31. Ra7 $18 {is more deadly.} Kd8 32. f7 (32. Rxa6 Rdd2 $16)) 31... Kd8 $16 32. Rxe6 (32. Kh2 $18) 32... Rdd2 33. f7 ({White must play} 33. Kh2 $1 $16) 33... Rxg2+ $11 34. Kh1 Rh2+ 35. Kg1 Rcg2+ 36. Kf1 Rf2+ 37. Kg1 Rhg2+ 38. Kh1 Kc7 $2 {[%mdl 8192] [#]} (38... Rh2+ $11 39. Kg1 Rhg2+ 40. Kh1 Rh2+ {[%mdl 64] Double Attack} 41. Kg1) 39. f8=Q $2 ({Worse is} 39. Rxh6 Rh2+ 40. Kg1 Rhg2+ 41. Kh1 Rh2+ 42. Kg1 Rhg2+ 43. Kh1 $11) ({Weaker is} 39. Rc6+ Kb7 $11) (39. Nf3 $1 $18 {[%mdl 512]} Rxf3 40. Kxg2 Rxf7 41. Rxh6) 39... Rh2+ {[%mdl 64] Double Attack} 40. Kg1 Rhg2+ 41. Kh1 {Threatening mate with Rc6+.} Rh2+ {[%mdl 64] Double Attack} 42. Kg1 {Intending Rc6+ and mate.} Rxf8 $4 {[%mdl 8192]} (42... Rhg2+ $11 {and Black is okay.} 43. Kh1) 43. Kxh2 {KRN-KR} Rf2+ 44. Kg3 Rxb2 45. Ng4 Rb3+ $2 (45... a5 46. Rxh6 Rb3+ 47. Kf4 Rxa3) 46. Kf4 (46. Re3 $142 Rb1 47. Nxh6) 46... Rxa3 $18 47. Kf5 (47. Rxh6 $18 {h5 is the strong threat.} Ra4+ 48. Kg5) 47... Ra4 $2 (47... b4 $14) 48. Rxh6 ({White should play} 48. h5 $18) 48... b4 $16 {[#] intending ...b3.} 49. Ne5 ({Better is} 49. Rh7+ $1 $16 Kc8 50. Re7 Ra5+ 51. Kg6) 49... Ra5 $2 {[%mdl 8192]} (49... b3 $14 50. Nd3 a5) 50. Rc6+ $18 Kb7 51. Rc1 b3 52. Rb1 Rb5 53. h5 a5 54. h6 a4 55. h7 a3 56. h8=Q a2 57. Qg7+ Ka6 58. Rxb3 Ka5 59. Qf6 Rxb3 60. Qd8+ Ka4 61. Qa8+ Kb4 62. Qb7+ Ka3 63. Qa7+ Kb2 64. Qxa2+ $2 (64. Qf2+ {mates} Kb1 65. Qe1+ Kc2 66. Qa1 Kd2 67. Qxa2+ {[%mdl 64] Double Attack} Kc3 68. Qe2 Kb4 69. Qc4+ Ka3 70. Nd3) 64... Kxa2 $11 {KR-KN} 65. Kf6 Ka3 66. Kf5 Rb6 67. Kf4 Rb5 68. Kf5 Kb4 69. Kf6 Kc5 70. Kf5 $2 {[%mdl 8192]} (70. Ke6 $11) 70... Kd4 {Black mates.} 71. Kf4 Rxe5 {KR-K} 72. Kf3 Re4 73. Kg3 Ke5 74. Kf3 Rf4+ 75. Kg3 Rd4 76. Kh2 Ke4 77. Kg2 Rd3 78. Kf2 Kf4 79. Ke2 Rd5 80. Kf2 Rd2+ 81. Ke1 Ke3 82. Kf1 Kf3 {[%cal Rd2d1]} 83. Kg1 Rd4 84. Kf1 Rd1# {What a fight! Accuracy: White = 51%, Black = 63%.} 0-1

[Event "Stay Safe Play From Home 361"]
[Site "Emanuel Lasker Arena"]
[Date "2020.08.06"]
[Round "2"]
[White "SelamiSahin"]
[Black "Klasman"]
[Result "1-0"]
[WhiteElo "2133"]
[BlackElo "1368"]
[Annotator "TA"]
[PlyCount "51"]
[EventDate "2020.08.06"]
[EventType "swiss (blitz)"]

{[%evp 9,51,1,30,8,40,70,47,47,46,53,57,7,41,-4,97,11,112,109,69,0,44,25,106,57,335,315,310,208,291,284,452,452,644,443,556,373,483,492,532,527,584,366,545,543]} 1. d4 f5 2. c4 Nf6 3. Nc3 e6 4. Bg5 Bb4 5. e3 c5 6. Nf3 {A85: Dutch Defence: 2 c4 Nf6 3 Nc3.} Qa5 (6... O-O {feels hotter.} 7. Qc2 b6 8. Rd1 h6 9. Bxf6 Qxf6 10. a3 Bxc3+ 11. Qxc3 Nc6) 7. Bxf6 Bxc3+ 8. bxc3 {White is slightly better.} Qxc3+ 9. Nd2 gxf6 {[#]} 10. dxc5 $146 ({Predecessor:} 10. Be2 Nc6 11. O-O cxd4 12. exd4 Qxd4 13. Bh5+ Ke7 14. Rc1 b6 15. Qe2 Bb7 16. Rfd1 {0-1 (43) Billion,P (852)-Lonyuk,B (1087) LSS email 2012}) 10... Nc6 11. Be2 Nb4 (11... Qb4 $11) 12. Rc1 (12. Bh5+ $16 Ke7 13. O-O) 12... Nd3+ (12... Qe5 $1 $11 {keeps the balance.}) 13. Bxd3 $1 $16 Qxd3 14. Nb3 (14. Rb1 $14 Qc3 15. Qh5+ Ke7 16. g4) 14... Qe4 15. O-O $36 {[%mdl 2048] White has the initiative.} Rg8 (15... b6 $11) 16. g3 e5 $2 {[%mdl 8192] This costs Black the game.} (16... Ke7 $14) 17. Qh5+ $18 {[%mdl 64] [#] Double Attack} Kf8 18. Qxh7 Rg7 19. Qh6 {And now f3 would win.} a5 (19... Kg8 {might work better.} 20. f3 Qd3 21. Qxf6 Qxe3+ 22. Kg2 Qe2+ 23. Rf2 Qe3) 20. Qxf6+ Rf7 (20... Kg8 $142 21. Nd2 Qc6 22. Qxe5 Qe6) 21. Qh6+ Ke7 22. Nd2 Qg4 23. Qd6+ Ke8 24. Qxe5+ Kf8 25. Qf4 Qg7 (25... Qxf4 $142 26. exf4 Rf6) 26. Nf3 {Accuracy: White = 38%, Black =  8%.} 1-0

[Event "Stay Safe Play From Home 361"]
[Site "Emanuel Lasker Arena"]
[Date "2020.08.06"]
[Round "2"]
[White "Stefanone"]
[Black "Nuktotitakoi"]
[Result "0-1"]
[WhiteElo "1928"]
[BlackElo "2442"]
[Annotator "TA"]
[PlyCount "54"]
[EventDate "2020.08.06"]
[EventType "swiss (blitz)"]

{[%evp 9,54,-30,20,20,25,10,22,-8,19,6,22,8,31,0,31,-134,-126,-131,-125,-125,-112,-121,-115,-120,-119,-135,-128,-136,-104,-114,-101,-101,-102,-133,-125,-144,-149,-156,-154,-146,-146,-336,-237,-347,-305,-29998,-29999]} 1. d4 e6 2. e3 c5 3. f4 Nf6 4. c3 b6 5. Nf3 Ba6 6. Bxa6 {A43: Schmid Benoni.} Nxa6 {[#]} 7. Qe2 $146 ({Predecessor:} 7. Nbd2 Qb8 8. Ne5 Qb7 9. O-O g6 10. Qe2 Nc7 11. b3 d6 12. Nef3 Be7 13. Bb2 {1-0 (59) Willems,P (1912)-Lingnau,D (1475) Duisburg 2004}) 7... Nc7 8. Nbd2 {The position is equal.} Be7 9. O-O O-O 10. e4 cxd4 11. e5 Nfd5 12. cxd4 $2 {[#]} (12. Nxd4 $14 Bc5 13. N2f3) 12... Nxf4 $17 {Black converts the advantage convincingly.} 13. Qf2 Nfd5 14. Ne4 f6 15. exf6 Nxf6 16. Nxf6+ Bxf6 ({Inferior is} 16... gxf6 17. Bh6 $14 (17. Qg3+ Kh8 $17)) 17. Qg3 Nd5 18. Bg5 Rc8 19. Bxf6 Qxf6 20. Ne5 Qe7 21. Rxf8+ Rxf8 22. Re1 d6 23. Ng4 h5 24. Ne3 {[#] Hoping for Nxd5.} Nf4 $1 {And now ...Qf6 would win.} 25. d5 $2 (25. Nd1 $17 {only move.}) 25... e5 ({Less strong is} 25... exd5 26. Nf5 $17) 26. Nc4 (26. h3 $142) 26... Qf6 {( -> ...Ne2+!)} ({Resist} 26... Nxd5 27. Qd3 $19) 27. Rf1 $2 (27. h3 $19) 27... Ne2+ {[%mdl 64] Double Attack, Discovered Attack. Accuracy: White = 51%, Black = 75%.} 0-1

[Event "Stay Safe Play From Home 361"]
[Site "Emanuel Lasker Arena"]
[Date "2020.08.06"]
[Round "2"]
[White "Greblah"]
[Black "Ao017545"]
[Result "1-0"]
[WhiteElo "1830"]
[BlackElo "1527"]
[Annotator "NA RC"]
[PlyCount "71"]
[EventDate "2020.08.06"]
[EventType "swiss (blitz)"]

1. e4 {[%emt 0:00:02]} e5 {[%emt 0:00:00]} 2. Nf3 {[%emt 0:00:02]} Nf6 {[%emt 0:00:00]} 3. Nxe5 {[%emt 0:00:01]} Nxe4 {[%emt 0:00:00]} 4. Qe2 {[%emt 0:00:02]} Qe7 {[%emt 0:00:02]} 5. Qxe4 {[%emt 0:00:03]} d6 {[%emt 0:00:01]} 6. d4 {[%emt 0:00:02]} dxe5 {[%emt 0:00:01]} 7. Qxe5 {[%emt 0:00:01]} Nc6 {[%emt 0:00:04]} 8. Qxe7+ {[%emt 0:00:01]} Bxe7 {[%emt 0:00:01]} 9. c3 {[%emt 0:00:01]} Bf5 {[%emt 0:00:02]} 10. Bb5 {[%emt 0:00:01]} O-O-O {[%emt 0:00:01]} 11. Bxc6 {[%emt 0:00:02]} bxc6 {[%emt 0:00:02]} 12. O-O {[%emt 0:00:01]} c5 {[%emt 0:00:00]} 13. Be3 {[%emt 0:00:05]} Rhe8 {[%emt 0:00:05]} 14. dxc5 {[%emt 0:00:02]} Bf6 {[%emt 0:00:03]} 15. Na3 {[%emt 0:00:02]} Rxe3 {[%emt 0:00:01]} 16. fxe3 {[%emt 0:00:02]} Bd3 {[%emt 0:00:04]} 17. Rfd1 {[%emt 0:00:01]} Be2 {[%emt 0:00:02]} 18. Rxd8+ {[%emt 0:00:02]} Bxd8 {[%emt 0:00:01]} 19. Re1 {[%emt 0:00:00]} Bd3 {[%emt 0:00:03]} 20. e4 {[%emt 0:00:02]} Ba6 {[%emt 0:00:02]} 21. b4 {[%emt 0:00:01]} Bb7 {[%emt 0:00:03]} 22. e5 {[%emt 0:00:02]} Bh4 {[%emt 0:00:01]} 23. Re2 {[%emt 0:00:02]} Bg5 {[%emt 0:00:00]} 24. b5 {[%emt 0:00:02]} a6 {[%emt 0:00:02]} 25. c6 {[%emt 0:00:01]} Ba8 {[%emt 0:00:04]} 26. c4 {[%emt 0:00:01]} axb5 {[%emt 0:00:01]} 27. cxb5 {[%emt 0:00:01]} Kd8 {[%emt 0:00:01]} 28. Nc4 {[%emt 0:00:01]} Ke7 {[%emt 0:00:01]} 29. a4 {[%emt 0:00:01]} f6 {[%emt 0:00:02]} 30. exf6+ {[%emt 0:00:01]} Kxf6 {[%emt 0:00:00]} 31. a5 {[%emt 0:00:01]} Bc1 {[%emt 0:00:02]} 32. Re8 {[%emt 0:00:01]} Bxc6 {[%emt 0:00:03]} 33. bxc6 {[%emt 0:00:00]} Kf7 {[%emt 0:00:03]} 34. Rc8 {[%emt 0:00:01]} Ke6 {[%emt 0:00:01]} 35. g3 {[%emt 0:00:00]} Kd5 {[%emt 0:00:00]} 36. Rxc7 {[%emt 0:00:01] Zaman Zaman Zaman Zaman Zaman (Lag: Av=0.62s, max=0.9s) (Lag: Av=0.62s, max=0.9s) (Lag: Av=0.62s, max=0.9s) (Lag: Av=0.62s, max=0.9s) (Lag: Av=0.62s, max=0.9s)} 1-0

[Event "Stay Safe Play From Home 361"]
[Site "Emanuel Lasker Arena"]
[Date "2020.08.06"]
[Round "2"]
[White "Dreamsoldier"]
[Black "Edmatuag"]
[Result "0-1"]
[WhiteElo "1281"]
[BlackElo "1719"]
[Annotator "NA RC"]
[PlyCount "40"]
[EventDate "2020.08.06"]
[EventType "swiss (blitz)"]

1. e3 {[%emt 0:00:02]} c6 {[%emt 0:00:01]} 2. d4 {[%emt 0:00:00]} d5 {[%emt 0:00:01]} 3. Nf3 {[%emt 0:00:00]} Bg4 {[%emt 0:00:01]} 4. c4 {[%emt 0:00:00]} f6 {[%emt 0:00:01]} 5. cxd5 {[%emt 0:00:00]} cxd5 {[%emt 0:00:01]} 6. Nc3 {[%emt 0:00:00]} Nc6 {[%emt 0:00:01]} 7. Bb5 {[%emt 0:00:01]} e6 {[%emt 0:00:01]} 8. h3 {[%emt 0:00:01]} Bxf3 {[%emt 0:00:02]} 9. Bxc6+ {[%emt 0:00:00]} bxc6 {[%emt 0:00:03]} 10. a3 {[%emt 0:00:00]} Bxd1 {[%emt 0:00:02]} 11. Nxd1 {[%emt 0:00:01]} Bd6 {[%emt 0:00:01]} 12. Bd2 {[%emt 0:00:01]} Qb6 {[%emt 0:00:01]} 13. Bc3 {[%emt 0:00:00]} Ne7 {[%emt 0:00:03]} 14. O-O {[%emt 0:00:00]} Kf7 {[%emt 0:00:01]} 15. f4 {[%emt 0:00:00]} Rhe8 {[%emt 0:00:01]} 16. Nf2 {[%emt 0:00:00]} Kg8 {[%emt 0:00:01]} 17. Nd3 {[%emt 0:00:01]} e5 {[%emt 0:00:01]} 18. fxe5 {[%emt 0:00:01]} fxe5 {[%emt 0:00:01]} 19. dxe5 {[%emt 0:00:00]} Qxe3+ {[%emt 0:00:01]} 20. Kh1 {[%emt 0:00:01]} Qxd3 {[%emt 0:00:01] Dreamsoldier terk eder Dreamsoldier terk eder Dreamsoldier terk eder Dreamsoldier terk eder Dreamsoldier terk eder (Lag: Av=0.53s, max=1.0s) (Lag: Av=0.53s, max=1.0s) (Lag: Av=0.53s, max=1.0s) (Lag: Av=0.53s, max=1.0s) (Lag: Av=0.53s, max=1.0s)} 0-1

[Event "Stay Safe Play From Home 361"]
[Site "Emanuel Lasker Arena"]
[Date "2020.08.06"]
[Round "3"]
[White "Gokerkan"]
[Black "Uber_WING"]
[Result "1-0"]
[WhiteElo "2610"]
[BlackElo "2355"]
[Annotator "TA"]
[PlyCount "159"]
[EventDate "2020.08.06"]
[EventType "swiss (blitz)"]

{[%evp 10,159,56,56,61,79,210,-114,-102,-97,-32,-101,-99,-101,-35,-54,-66,-55,-7,-14,44,12,14,-79,-74,-77,-77,-70,-51,-156,-147,-141,-141,-169,-172,-146,-29,-24,-20,-29,0,-39,-32,-33,-33,-33,-33,-33,-33,-35,-21,-61,-61,-256,-225,-318,-324,-411,-410,-1220,-1233,-1678,-1295,-29972,-29974,-29974,-29973,-29975,-29975,-29969,-29968,-29983,-29984,-29986,-29987,-29986,-29985,-29987,-29986,-29986,-29987,-29987,-29981,-29981,0,-29987,-29987,-29987,-29986,-29986,-29986,-29988,-29985,-29989,-29986,-29987,-29988,-29995,-29985,-29992,-29980,-29980,-29974,-29982,-29978,-29982,-29980,-29978,-29964,-29986,-29956,-29987,-29977,-29985,-29982,-29986,-29986,-29986,-29972,-29986,-29984,-29986,-29987,-29987,-29982,-29982,29993,29992,29992,29992,29992,29991,29991,29991,29991,29991,29992,29992,29992,29991,29991,29992,29992,29992,29992,29991,29991,29991,29991,29991,29991,29991]} 1. e4 d5 2. exd5 Qxd5 3. Nc3 Qd6 4. d4 Nf6 5. Nf3 a6 6. g3 Nc6 {B01: Scandinavian Defence.} 7. Bf4 Qb4 (7... Qd8 $16 {keeps fighting.}) 8. Qd2 $2 (8. a3 $1 $18 {[%cal Ra3b4]} Qb6 9. d5) 8... Bg4 $17 {[#] Black is better.} 9. a3 $146 ({Predecessor:} 9. Bg2 Bxf3 10. Bxf3 Nxd4 11. Bg2 O-O-O 12. O-O-O Nb3+ 13. axb3 Rxd2 14. Rxd2 e6 15. Rhd1 Be7 16. Rd4 Qb6 17. Rc4 c6 18. Na4 Qxf2 19. Rdd4 Qe1+ 20. Rd1 Qf2 21. Rdd4 {½-½ (21) Jacko,V (2167)-Styazhkina,A (1878) Frydek Mistek 2008}) 9... Qb6 (9... Qxb2 $17 10. Rb1 Qxa3) 10. Ne5 (10. Na4 $15 Qa7 11. Bg2) 10... Nxd4 {And now ...0-0-0 would win.} 11. Be3 c5 (11... Rd8 $1 $17 12. Bd3 c5 13. Bxd4 cxd4) 12. Bg2 Bf5 $1 (12... Qxb2 $6 13. Rb1 $14) 13. O-O e6 14. Na4 Qa7 (14... Qc7 $11 15. Bxd4 O-O-O 16. Nxc5 Bxc5) 15. b4 Rd8 16. Nxc5 (16. bxc5 $11 Nxc2 17. Qa5 Nxe3 18. Qc7 $1 {[%mdl 512]}) 16... Bxc5 17. bxc5 Nf3+ $1 {[%mdl 64] Discovered Attack} (17... Qxc5 $6 18. Rad1 $14) 18. Nxf3 Rxd2 19. Nxd2 {[#]} (19. c6 $1 $15 Qa8 20. Nxd2 bxc6 21. Bc5) 19... Ng4 $1 {[%cal Rg4e3]} (19... Bxc2 $2 20. Rfc1 $18) 20. Bd4 e5 (20... Bxc2 $6 21. Rfc1 $11) 21. Rae1 O-O ({Worse is} 21... Bxc2 22. Bxe5 O-O 23. Bd6 $14) 22. Bxe5 {aiming for Bd6.} Nxe5 ({Of course not} 22... Bxc2 $6 23. Bd6 $11) ({Better is} 22... Qxc5 $17 23. Bf4 b5) 23. Rxe5 $11 Be6 24. Rfe1 g6 25. Nf3 Rc8 $36 {[%mdl 2048] Black has some pressure.} 26. Nd4 Rxc5 27. Nxe6 Rxe5 28. Rxe5 {Nd8 is the strong threat.} fxe6 29. Rxe6 $15 {[%mdl 4096] Endgame KQ-KRB} Kf7 30. Re4 Qc5 $1 31. Rb4 $2 (31. Rf4+ $15 Kg7 32. Bxb7) 31... b5 $19 ({Weaker is} 31... Qxc2 32. Rxb7+ Kg8 33. Bf3 $11) 32. Rf4+ (32. Be4 $142) 32... Kg7 33. h4 Qxc2 34. a4 (34. Rf3 $142 a5 35. Re3) 34... bxa4 35. Rb4 a3 36. Rb6 a2 37. Rxa6 Qb1+ 38. Kh2 a1=Q 39. Rxa1 Qxa1 40. f3 h6 41. Kh3 g5 42. Kg4 gxh4 43. Kxh4 Qa7 44. Kh3 Qe7 45. f4 Qf6 46. Kg4 {[#]} Qe7 $2 (46... h5+ $1 {mates} 47. Kf3 (47. Kxh5 Qf5+) 47... Qf5 48. Bf1 Qg4+ 49. Kf2 h4 50. gxh4 Qxf4+ 51. Kg2 Kf6 52. h5 Qe3 53. h6 Kg6 54. h7 Kxh7 55. Bc4 Kh6 56. Bg8 Kg5 57. Bc4 Kf4 58. Ba6 Qd2+ 59. Kh1 Kg3 60. Be2 Qe1+ 61. Bf1 Qxf1#) 47. Bf3 $2 {[%mdl 8192]} (47. Kh3 $11 Qe2 48. Bb7) 47... Kf6 48. Kh3 Qg7 49. Bg4 {[#]} h5 $1 50. Bf3 (50. Bxh5 Qh6) 50... Qh6 51. Kh4 Qg6 52. Bxh5 {[#]} Qh6 $1 53. g4 Qh8 54. g5+ Kg7 55. Kg4 Kf8 56. f5 Qb2 57. f6 Qc1 58. Kf5 Qc4 59. Kg6 Qc5 60. Kh6 Qc2 61. Bg6 Qg2 62. Bh5 Qh2 63. Kg6 Qg3 64. Kh6 {[#]} Qf4 $1 65. Kg6 Qe4+ 66. Kh6 Qe5 67. Kg6 Qxf6+ $4 {[%mdl 8192]} (67... Qe8+ {and all is fine.} 68. Kh6 Qe4 69. Bd1 Qh1+ 70. Kg6 Qxd1 71. Kf5 Qd5+ 72. Kf4 Kf7 73. Ke3 Qxg5+ 74. Kd3 Qc5 75. Kd2 Kxf6 76. Kd1 Qf2 77. Kc1 Ke5 78. Kb1 Kd4 79. Ka1 Kc3 80. Kb1 Qb2#) 68. gxf6 {White mates.} Kg8 69. Bg4 Kf8 70. Bf5 Kg8 71. Be4 Kf8 72. Bd3 Ke8 73. Bc2 Kf8 74. Bb1 Ke8 75. Ba2 Kf8 76. Kf5 Ke8 77. Kg5 Kf8 78. Bb3 Ke8 79. Ba4+ Kf8 80. Bb5 {What a fight! Accuracy: White = 48%, Black = 66%.} 1-0

[Event "Stay Safe Play From Home 361"]
[Site "Emanuel Lasker Arena"]
[Date "2020.08.06"]
[Round "3"]
[White "Tran Minh Thang"]
[Black "NTBT_DHS"]
[Result "0-1"]
[WhiteElo "2475"]
[BlackElo "2632"]
[Annotator "TA"]
[PlyCount "88"]
[EventDate "2020.08.06"]
[EventType "swiss (blitz)"]

{[%evp 9,88,6,13,0,25,27,54,15,50,0,0,-22,8,14,60,53,46,24,32,-52,-20,-14,0,-129,-117,-363,-359,-390,-319,-304,-334,-297,196,-212,-212,-212,-202,-208,-210,-209,-208,-211,0,0,6,-64,0,0,205,205,238,238,504,-303,0,-97,0,-131,-101,-147,184,-84,-78,-265,-240,-354,-329,-622,-622,-648,-648,-624,-621,-578,712,-29995,-29989,-29989,-29990,-29990,-29991]} 1. d4 Nf6 2. Bf4 d5 3. e3 c5 4. Nd2 Nc6 5. Ngf3 Qb6 {[%cal Rc5d4]} 6. dxc5 {D00: 1 d4 d5: Unusual lines.} Qxc5 7. c4 Bg4 {[#]} 8. Be2 $146 {White is slightly better.} ({Predecessor:} 8. Rc1 Qb4 9. a3 Qxb2 10. Rb1 Qxa3 11. Rxb7 e5 12. cxd5 exf4 13. Bb5 fxe3 14. Bxc6+ {0-1 (33) Salinas Herrera,P (2514)-Praggnanandhaa,R (2608) chess.com INT 2020}) 8... Rd8 9. O-O dxc4 10. Qc2 b5 11. a4 {And now axb5 would win.} Nb4 12. Qc1 a6 13. h3 Bf5 14. Nd4 (14. axb5 $14 axb5 15. Nb3) 14... Bd3 $36 {[%mdl 2048] ...e5 is the strong threat. Black is pushing.} 15. axb5 e5 (15... axb5 16. Ra5 $16) 16. bxa6 (16. Bxd3 $11 {remains equal.} Nxd3 17. Qxc4 Qxc4 18. Nxc4 exf4 19. bxa6 fxe3 20. fxe3) 16... exf4 $17 (16... exd4 17. a7 $11) 17. Bf3 $2 (17. Bxd3 $17 cxd3 18. Qd1) 17... fxe3 $19 18. a7 exf2+ (18... exd2 19. Qxd2 Bd6 20. a8=Q $19) 19. Rxf2 Qxd4 20. a8=Q Bc5 $4 {[%mdl 8192]} (20... Rxa8 $19 {avoids the disaster.} 21. Rxa8+ Kd7) 21. Bc6+ $4 {[%mdl 8192]} (21. Qe1+ $18 Kf8 22. Qxd8+ {[%mdl 64] Remove Defender} Qxd8 23. Ra8 $1 {[%mdl 512]} Qxa8 24. Bxa8) 21... Kf8 $1 22. Qxd8+ Qxd8 23. Ra8 Nxc6 24. Rxd8+ Nxd8 25. Nxc4 Ne4 $2 (25... Bxc4 $19 26. Qxc4 Bxf2+ 27. Kxf2 g6) 26. Ne3 $11 Ne6 {[#]} 27. Rf3 (27. b4 $1 $11 {[%mdl 512]} Bxe3 (27... Bxb4 28. Qc8+) 28. Qxe3 Nxf2 29. Kxf2) 27... Nd4 (27... Nd6 $1 $15 28. b4 Bd4) 28. Kh2 Nxf3+ $2 (28... Bd6+ $11 {and Black stays safe.} 29. Kh1 Ke7 30. Nd5+ {[%mdl 64] Discovered Attack} Ke6 31. Nf4+ (31. Qe3 Kxd5 32. Qxd3 f6 $17) 31... Bxf4 32. Qxf4 Nxf3 33. gxf3 f5) 29. gxf3 $18 Bd6+ 30. Kg1 {[%mdl 1024] Intending Qc8+ and mate. White has strong compensation.} Nc5 $2 (30... Nf6) 31. Nc4 $4 {[%mdl 8192]} (31. b4 $18 {was the only winning move.}) 31... Be7 $2 {[#]} (31... Bxc4 $1 $19 32. Qxc4 Ke7) 32. Ne5 (32. Qf4 $1 $11 {[%mdl 512] keeps the balance.} Kg8 33. Qb8+ Bf8 34. Ne5) 32... Bf5 (32... Bb5 $1 $17 {Strongly threatening ...Be8.} 33. b4 f6 34. bxc5 fxe5) 33. Qd2 (33. b4 $1 $11) 33... f6 ({But not} 33... Bxh3 $6 34. Qd5 $15) 34. Nc6 {Hoping for Qa5.} Ne6 $2 {[%mdl 8192] [#]} ({Worse is} 34... Bxh3 35. Qa5 $16) (34... Bd7 $1 $17 {[%cal Rd7c6] keeps the pressure on.} 35. Nxe7 Kxe7) 35. Nxe7 $2 (35. Qd7 $1 $18 {[%cal Rd7e7][%mdl 512]} Bc5+ 36. Kh2) 35... Kxe7 $17 36. Qb4+ $2 (36. Qa5 $17 {keeps fighting.} g6 37. Qb4+ Ke8 38. Qb8+ Nd8 39. Kg2) 36... Kf7 $19 37. Qb7+ (37. Qa5 {was called for.} Kg6 38. b4) 37... Kg6 38. Qd5 $2 (38. b4) 38... Rd8 39. Qc6 Rd1+ 40. Kg2 Rd2+ 41. Kg3 Nd4 $4 {[%mdl 8192]} (41... Rd3 $19 42. h4 {[#]} Nd4 $1 {[%mdl 576] Double Attack} 43. Qe8+ Kh6) 42. Qc8 $4 {[%mdl 8192]} (42. Qe8+ $18 Kh6 43. Qe3+ {[%mdl 64] Double Attack} Kg6 44. Qxd2) 42... Ne2+ {Black mates.} 43. Kf2 Bxc8 44. Ke3 Rxb2 {Accuracy: White = 30%, Black = 39%.} 0-1

[Event "Stay Safe Play From Home 361"]
[Site "Emanuel Lasker Arena"]
[Date "2020.08.06"]
[Round "3"]
[White "Nuktotitakoi"]
[Black "SelamiSahin"]
[Result "1-0"]
[WhiteElo "2444"]
[BlackElo "2133"]
[Annotator "TA"]
[PlyCount "41"]
[EventDate "2020.08.06"]
[EventType "swiss (blitz)"]

{[%evp 15,41,39,31,23,79,86,147,149,162,134,204,191,211,192,265,252,369,375,392,383,370,375,949,948,905,791,29988,29989]} 1. e4 c6 2. Nc3 d5 3. Nf3 Bg4 4. h3 Bxf3 5. Qxf3 e6 6. d3 Nf6 7. Bd2 Nbd7 8. g4 h6 9. h4 {[#] B11: Caro-Kann: Two Knights Variation.} Be7 $146 (9... Qb6 $11 {remains equal.}) ({Predecessor:} 9... Qb6 10. O-O-O Ne5 11. Qe2 d4 12. Nb1 c5 13. f4 Nc6 14. Bh3 Nd7 15. g5 c4 16. g6 O-O-O 17. gxf7 {1-0 (47) Lu,S (2614)-Andreikin,D (2743) Moscow 2016}) 10. g5 $16 hxg5 ({Black should play} 10... Ng8) 11. hxg5 {[%mdl 64] [#] Discovered Attack. White is clearly better.} Rxh1 12. Qxh1 Ng8 (12... Ng4 $16) 13. Qh7 $18 ({Weaker is} 13. exd5 Bxg5 14. Bxg5 (14. dxc6 Bxd2+ 15. Kxd2 bxc6 $11) 14... Qxg5 $14) 13... Kf8 {[#]} 14. f4 $1 Qb6 (14... e5 $142) 15. O-O-O a5 (15... Rd8 $142 16. Bh3 Bb4) 16. f5 dxe4 17. Nxe4 {Black must now prevent fxe6.} exf5 18. Qxf5 g6 $2 (18... Rd8 19. d4 Qxd4 20. Bxa5 {[%mdl 64] Discovered Attack} Qe3+ 21. Bd2 Qd4) 19. Qxd7 a4 20. a3 Qd4 21. Qxd4 {White took control after the opening. Accuracy: White = 100%, Black = 25%.} 1-0